书目信息

书名: 银翼 
作者:
出版信息: 成都   四川人民出版社  1979.07
开本页数: 19cm  199页
丛书名:
单 册:
中图分类: I24
科图分类:
主题词: 小说--中国
电子资源:
ISBN:
000 00425nam0 2200181 450
001 0655647985
005 20060308165910.42
010    @dCNY0.52
100    @a20060222d1979 km y0chiy0120 ea
101 @achi
102    @aCN@b510000
200 @a银翼@Ayin yi
210    @a成都@c四川人民出版社@d1979.07
215    @a199页@d19cm
606 @a小说@x中国
690    @aI24@v4
801  0 @aCN@bNISOFT@c20060308
905    @a10447@dI24@e181
    
    银翼.-成都:四川人民出版社,1979.07
    199页;19cm
    
    
    ISBN :CNY0.52
    
相关链接 在五车中查询图书 在当当中查询图书 在豆瓣中查询图书


正题名:银翼     索取号:I24/181         预约/预借

序号 登录号 条形码 馆藏地/架位号 状态 备注
1 121728   201217281   海科密-1楼/34架13列3层/ [索取号:I24/181] 在馆    
2 52797   200527974   海科密-1楼/34架11列3层/ [索取号:I24/181] 在馆